Quiz Stranger Things ! - Statistiques

Statistiques générales
  • Ce quiz a été pris 2 561 fois
  • Le résultat moyen est 14 sur 15
Statistiques - réponses
Question Réponse % Correct
Comment se nomme la fille au pouvoir ? Eleven (011)
100%
Comment s'appelle le monstre de la saison 4 ? Vecna
99%
Quel est le jeu que joue Mike, Dustin, Lucas, Will ? D&D
98%
Qui dit cette phrase « Lucas je ne vois plus rien je veux pas mourir » ?
97%
Qui se fait capturer par les russes lors de la fin de la saison 3 ? Hopper
97%
Qui sont les 2 nouveaux personnage de la saison 2 ? Max & Billy
97%
Quel est le plat préférer d'Eleven ? Des gaufres
96%
Qui est dans le coma a la fin de la saison 4 ? Max
96%
Que voient les personnes qui se font posséder par Vecna ? Une pendule
96%
Comment se nomme le père de Mike ? Ted
95%
Comment se nomme la fille qui harcèle Eleven dans la saisons 4 ? Angela
91%
En quoi les Garçons se déguise t'il pour halloween ? GostBusters
91%
Quel mensonge dit Mike a Eleven ? (Saison3) Que sa grand mère est malade
88%
Comment se nomme la mère de Jane ? Terry Ives
73%
Qui voit une créature dans le mur dans la saison 1 ? Holly
45%
Aucun quiz correspondant
Distribution des résultats
% des personnes avec chaque résultat
Percentile par nombre de réponses
Votre historique - résultats
Vous n’avez pas pris ce quiz